| 000 | 01179nmm a2200409 a 4500 | ||
|---|---|---|---|
| 003 | AR-BaBNM | ||
| 005 | 20251128205216.0 | ||
| 008 | 217019s1992 ||||||||||||||000 | spa|| | ||
| 020 | _a950-605-065-1 | ||
| 040 | _cAR-BaBNM | ||
| 110 | 2 | _aInstituto de Investigaciones Socioeconómicos [Universidad Nacional de San Juan] | |
| 245 | 1 | 0 | _aViolencia juvenil |
| 250 | _a1ª ed. | ||
| 260 |
_a[S.l.] _bFundación Universidad Nacional de San Juan _c1992 |
||
| 300 | 0 |
_a154 p. _btablas, diagr. |
|
| 504 | _aBibliografía: p. 153-154 | ||
| 650 | 4 | _aVIOLENCIA | |
| 650 | 4 | _aSOCIOLOGIA URBANA | |
| 650 | 4 | _aADOLESCENCIA | |
| 650 | 4 | _aTRIBUNALES DE MENORES | |
| 650 | 4 | _aPOLITICA SOCIAL | |
| 650 | 4 | _aDESEMPLEO | |
| 650 | 4 | _aCONTROL SOCIAL | |
| 650 | 4 | _aCONFLICTO CULTURAL | |
| 650 | 4 | _aAMBIENTE FAMILIAR | |
| 650 | 4 | _aPOBREZA | |
| 650 | 4 | _aDELINCUENCIA JUVENIL | |
| 651 | 4 | _aArgentina | |
| 700 | 1 | _aPuebla, María Daniela | |
| 700 | 1 | _aLandini de Mallamaci, María Luisa | |
| 700 | 1 | _aCamus, Margarita | |
| 700 | 1 | _aTacca Contegrand, Carlos | |
| 700 | 1 | _aFager, Carlos Eduardo | |
| 700 | 1 | _aFigueroa, José Agustín | |
| 942 | _cBK | ||
| 998 | _csilvi | ||
| 999 |
_c10458 _d10458 |
||